• 首页
  • 本馆介绍
  • 公告通知
  • 最新文献
  • 馆藏检索
  • 电子资源
  • 读者导购
  • 参考咨询
  • 我的图书馆
  • 登录
  • 详细信息显示
  • 放入我的书架
  • 预约/预借图书
  • 作者相关作品
  • 分类相关作品
  • 丛书相关作品
  • 出版社相关作品

书目信息

  • 表格格式
  • 工作单格式
  • 卡片格式
题名:
中国古代史籍校读法
    
 
作者: 张舜徽 著
分册:  
出版信息: 上海   上海古籍出版社  1962.07
页数: 310页
开本: 19cm
丛书名:
单 册:
中图分类: G256.3
科图分类:
主题词: 图书馆学 , 图书馆事业
电子资源:
ISBN:
000 00595nam0 2200217 45
001 0207011592
005 20060531172157.43
010    @dCNY0.90
091    @a11186.20
100    @a20020701d1962 km y0chiy0120 ea
101 0  @achi
105    @a z 000yy
200 1  @a中国古代史籍校读法@Azhong guo gu dai shi ji xiao du fa@f张舜徽著@FZhang Shun Hui Zhu
210    @a上海@c上海古籍出版社@d1962.07
215    @a310页@d19cm
606 0  @a图书馆学
606 0  @a图书馆事业
690    @aG256.3@v3
701  0 @a张舜徽@4著
801    @aCN@bTSTC@c20060531
905    @f1@b167391@f1@b167394@dG256.3@e21
    
    中国古代史籍校读法/张舜徽著.-上海:上海古籍出版社,1962.07
    310页;19cm
    
    
    ISBN :CNY0.90
    
●
相关链接 在E读中查询图书 在五车中查询图书 在当当中查询图书 在豆瓣中查询图书


正题名:中国古代史籍校读法     索取号:G256.3/21         预约/预借

序号 登录号 条形码 馆藏地/架位号 状态 备注
1 0067577   202246042   密集书库/ [索取号:G256.3/21] 在馆    
2 0067578   000212291   密集书库/ [索取号:G256.3/21] 在馆    
3 0067579   000378718   密集书库/ [索取号:G256.3/21] 在馆    
4 0067580   000212335   第一样本阅览室/ [索取号:G256.3/21] 在馆    
5 0167390   000383542   密集书库/ [索取号:G256.3/21] 在馆    
6 0167391   001825804   密集书库/ [索取号:G256.3/21] 在馆    
7 0167392   000383533   密集书库/ [索取号:G256.3/21] 在馆    
8 0167393   000378727   密集书库/ [索取号:G256.3/21] 在馆    
9 0167394   001825760   密集书库/ [索取号:G256.3/21] 在馆    
唐山师范学院图书馆 欢迎您!
大连网信软件有限公司© 版权所有